1852 1190 1200 1364 1019 1007 1542 1734 1592 1932 1398 1392 1016 1476 1864 1445 1556 1509 1261 1970 1653 1414 1500 1388 1927 1610 1950 1863 1135 1160 1361 1714 1240 1674 1095 1783 1621 1943 1344 1213 1650 1594 1827 1564 1796 1961 1330 1073 1896 1071 1390 1739 1051 1131 1010 1665 1169 1259 1716 1957 1549 1667 1591 1448 1488 1478 1374 1889 1897 1820 1366 1568 1744 1530 1651 1970 1404 1078 1378 1481 1045 1744 1175 1844 1653 1981 1148 1554 1376 1351 1571 1227 1959 1970 1831 1202 1410 1295 1579 BCNSPRNW ULIB Ver.6.0+V

เปลี่ยนเป็นภาษาไทย

Change to English
 แสดงรายละเอียดบรรณานุกรม
  กลับหน้าหลัก

Brief Record : Get Marc (ISO 2709) : E-mail record : QR code < ปิดหน้าต่าง
LEADER : 00000nam 2200000uu 4500
001    13399128961
003     ULIB
008    241110s2565||||th 000 0 tha d
020    ^a9789749747759
050    ^aนว^bท471ท
100    ^aทิพย์ นาถสุภา
245    ^aทิพยนิมิต/^cทิพย์ นาถสุภา
260    ^aกรุงเทพฯ :^bชนนิยม,^c2565
300    ^a143 หน้า;^b21 ซม.
650    ^aวรรณคดีสันสกฤต
945    ^p350^l0^i30376
999    ^aกัณชพร จุลอักษร
รายการนี้ยังไม่มีแท็ก
คุณยังไม่ได้ล็อกอิน คุณสามารถมีกิจกรรมร่วมกับเว็บไซต์ได้ แต่ต้องล็อกอินก่อน ::
  ล็อกอิน

รายการสื่อสารสนเทศ

ลำดับที่ ประเภท เลขเรียก/บาร์โค้ด สถานที่ สถานะ
1. วิทยาศาสตร์การแพทย์ และสุขภาพ
วิทยาศาสตร์การแพทย์ และสุขภาพ
นว ท471ท ฉ.1 
  Barcode: 30376
ห้องสมุดวิทยาเขตนครสวรรค์
►หนังสือทั่วไป:l:General Books
บนชั้น

รายการใกล้เคียง
    ผู้แต่ง [ทิพย์ นาถสุภา]

    หัวเรื่อง [วรรณคดีสันสกฤต]

BibComment


ยังไม่เคยถูกคอมเมนท์

คอมเมนท์ทรัพยากรรายการนี้
  คอมเมนท์: ทิพยนิมิต ทิพย์ ..


 Copyright 2026. Bcnsprnw @Library